00622cam a22002171 4500001001300000003000400013005001700017008004100034010001700075035002000092040001900112042001200131050001500143060002300158100002800181245010300209260003400312300002200346700001900368999001700387med47001268 DLC20260227111602.0810815s1945 xx a 000 0 fre  amed47001268  a(OCoLC)14744297 aDLCcDNLMdDLC apremarc00aQM261b.D40 aWF 600bD286p 19451 aDebeyre, Albert,d1877-13aLe poumon; sa constitution anatomique et sa structure,cpar Albert Debeyre ... et Jean Debeyre ... aParis,bLe François,c1945. a102, [1] p.bill.1 aDebeyre, Jean. c38282d38282